ბათუმის შოთა რუსთაველის სახელმწიფო უნივერსიტეტის ბიბლიოთეკა

ბათუმის არქეოლოგიური მუზეუმი : (ბიბ.ჩანაწერი № 59867)

000 -ლიდერი
ფიქსირებული სიგრძის საკონტროლო ველი 01386nam a22002537a 4500
003 - საკონტროლო ნომრის იდენტიფიკატორი
საკონტროლო ველი Ge_BSU
005 - ბოლო ოპერაციის თარიღი და დრო
საკონტროლო ველი 20230502160641.0
008 - ფიქსირებული სიგრძის მონაცემთა ელემენტები - ზოგადი ინფორმაცია
ფიქსირებული სიგრძის საკონტროლო ველი 230502s2007 ge ||||| |||| 00| 0 geo d
020 ## - წიგნის საერთაშორისო სტანდარტული ნომერი
International Standard Book Number 15120716
041 ## - ენის კოდი
Language code of text/sound track or separate title geo
080 ## - უნივერსალური ათობითი კლასიფიკაციის ინდექსი
Universal Decimal Classification number 069.02(479.223) ბ-17
245 ## - ცნობა სათაურის შესახებ
Title ბათუმის არქეოლოგიური მუზეუმი :
Remainder of title შრომები=Activities=Труды. ტ.4 /
Statement of responsibility, etc მთავარი რედ. ამირან კახიძე; რედ. მ. ვიკერსი, მ. ხალვაში, თ. ლომთათიძე, შ. მამულაძე,
264 ## - წარმოების, გამოცემის, დისტრიბუციის და სხვა ცნობები
გამოცემის, წარმოების, დისტრიბუციის... ადგილი ბათუმი,
გამოცემის, წარმოების, დისტრიბუციის... თარიღი 2007.
300 ## - ფიზიკური აღწერა
Extent 132 გვ.:
Other physical details სურ. ;
Dimensions 29 სმ.
504 ## - BIBLIOGRAPHY, ETC. NOTE
Bibliography, etc ბიბლიოგრ. თავების ბოლოს
653 ## - INDEX TERM--UNCONTROLLED
Uncontrolled term არქეოლოგია
700 ## - ADDED ENTRY--PERSONAL NAME
Personal name კახიძე, ამირან
Relator term მთავარი რედაქტორი
9 (RLIN) 17925
700 ## - ADDED ENTRY--PERSONAL NAME
Personal name ვიკერსი, მ.
Relator term რედაქტორი
9 (RLIN) 6723
700 ## - ADDED ENTRY--PERSONAL NAME
Personal name ხალვაში, მ.
Relator term რედაქტორი
9 (RLIN) 17926
700 ## - ADDED ENTRY--PERSONAL NAME
Personal name ლომთათიძე, თ.
Relator term რედაქტორი
9 (RLIN) 17927
700 ## - ADDED ENTRY--PERSONAL NAME
Personal name მამულაძე, შ.
Relator term რედაქტორი
9 (RLIN) 17928
700 ## - ADDED ENTRY--PERSONAL NAME
Personal name თავამაიშვილი, გ.
Relator term რედაქტორი
9 (RLIN) 6748
942 ## - ADDED ENTRY ELEMENTS (KOHA)
Source of classification or shelving scheme
Koha item type წიგნი
ეგზემპლარები
ჩამოწერის სტატუსი დაკარგული ეგზემპლარის სტატუსი კლასიფიკაციის წყარო ან თაროზე გაწყობის სქემა დაზიანების სტატუსი არ გაიცემა მუდმივი მდებარეობა (დაცვის ადგილი) ამჟამინდელი ადგილსამყოფელი თაროზე განთავსების ადგილი შეძენის თარიღი ღირებულება, შესყიდვის ნორმალური ფასი სრული შენახვის შიფრი შტრიხკოდი ბოლო ოპერაციის თარიღი ეგზემპლარის მიმდევრობითი ნომერი (კეტერი?) Uniform Resource Identifier ფასის ძალაში შესვლის თარიღი ეგზემპლარის სახეობა საჯარო შენიშვნა
          ბათუმის შოთა რუსთაველის სახელმწიფო უნივერსიტეტის მთავარი ბიბლიოთეკა ბათუმის შოთა რუსთაველის სახელმწიფო უნივერსიტეტის მთავარი ბიბლიოთეკა წიგნსაცავი 2023-05-02 5.00 069.02(479.223) ბ-17 64282 2023-05-02 64282 ბსუ-ს საპატიო დოქტორის გურამ ლორთქიფანიძის საჩუქარი 2023-05-02 წიგნი 5 ლ.
          ბათუმის შოთა რუსთაველის სახელმწიფო უნივერსიტეტის მთავარი ბიბლიოთეკა ბათუმის შოთა რუსთაველის სახელმწიფო უნივერსიტეტის მთავარი ბიბლიოთეკა წიგნსაცავი 2023-05-02 5.00 069.02(479.223) ბ-17 64283 2023-05-02 64283 ბსუ-ს საპატიო დოქტორის გურამ ლორთქიფანიძის საჩუქარი 2023-05-02 წიგნი 5 ლ.